The first guidebook to prisons and concentration camps of the Soviet Union. (Record no. 14858)

000 -LEADER
fixed length control field 00732nam a2200205 a 4500
001 - CONTROL NUMBER
control field :::00012692$&:&@@
003 - CONTROL NUMBER IDENTIFIER
control field OkBaRHE
005 - DATE AND TIME OF LATEST TRANSACTION
control field 20100402122314.0
008 - FIXED-LENGTH DATA ELEMENTS--GENERAL INFORMATION
fixed length control field s1980 j 000 0 eng u
020 ## - INTERNATIONAL STANDARD BOOK NUMBER
International Standard Book Number 3921213355 (pbk.)
040 ## - CATALOGING SOURCE
Transcribing agency
100 1# - MAIN ENTRY--PERSONAL NAME
Personal name Shifrin, Avraam.
245 14 - TITLE STATEMENT
Title The first guidebook to prisons and concentration camps of the Soviet Union.
260 ## - PUBLICATION, DISTRIBUTION, ETC. (IMPRINT)
Place of publication, distribution, etc Uhldingen, Switz., :
Name of publisher, distributor, etc Stephanus Edition
Date of publication, distribution, etc 1980
300 ## - PHYSICAL DESCRIPTION
Extent 378 p. : illus., maps ;
Dimensions 21 cm.
650 ## - SUBJECT ADDED ENTRY--TOPICAL TERM
Topical term or geographic name as entry element Concentration Camps
General subdivision Soviet Union
-- Guide-books
650 ## - SUBJECT ADDED ENTRY--TOPICAL TERM
Topical term or geographic name as entry element Prisons
General subdivision Soviet Union
-- Guide-books
942 ## - ADDED ENTRY ELEMENTS (KOHA)
Source of classification or shelving scheme
Koha item type Books
Copies
Lost status Full call number Price effective from Date acquired Copy number Not for loan Damaged status Koha item type Permanent Location Shelving location Barcode Withdrawn status Source of classification or shelving scheme Date last seen
 HV 9712 .S4913 19802010-04-142010-04-141  BooksRHEMA Bible Training CollegeGeneral Stacks12692  2010-04-14